000 00909nam a22003017a 4500
001 BR0503620
003 BR-BrBNA
005 20230928101954.0
007 ta
008 230509b bl.||||| |||| 00| 0 por d
040 _aBR-BrBNA
_bpor
_cBiblioteca Nacional de Agricultura
041 _a(Por)
072 _aD50; F03
_b3575
090 _ 3575 BR0503620
110 1 _aCooperativa Central Agropecuária de Desenvolvimento Tecnológico e Econômico, Cascavel, PR (Brasil)
_92813
245 1 _aEncontro técnico 6: novas tecnologias em sementes
260 3 _aCascavel, PR (Brasil):
_c2003.
300 _a110 p.
500 _a29 ref.; 11 tables; 33 illus.
650 _aSEMENTE
650 _aVARIEDADE
650 _aTRATAMENTO DE SEMENTE
650 _aPATOLOGIA DE SEMENTE
650 _aLEGISLAÇÃO
650 _aCERTIFICAÇÃO DE SEMENTE
909 _a202309
_bLucia
_c55
_dLucia Elande
942 _cBK
999 _c68497
_d68497